| 000 | 00780nam a22002537a 4500 | ||
|---|---|---|---|
| 999 |
_c4451 _d4451 |
||
| 003 | AR-CdUCM | ||
| 008 | 190308b ||||| |||| 00| 0 spa d | ||
| 040 |
_aMUNICIPALIDAD PROVINCIAL DEL CUSCO _cBIBLIOTECA MUNICIPAL DEL CUSCO |
||
| 041 | _hfr. | ||
| 082 |
_a840.90 / _bSA13 |
||
| 100 |
_aSaint-Exupéry, Antoine de _914004 |
||
| 245 | _aEl Principito / | ||
| 260 |
_aMexico : _bLuis fernandez , _c1959. |
||
| 300 |
_a85 paginas ; _bilustraciones, _c19 cm. |
||
| 500 | _aDonación familia Nieto | ||
| 505 | _aContenido :Cuentos / | ||
| 650 |
_aCuentos infantiles _93927 |
||
| 650 |
_aLiteratura francesa _9913 |
||
| 650 |
_aRelatos franceses _914005 |
||
| 650 |
_aSiglo XX _98 |
||
| 700 |
_aManuel Alba Bauzano (traductor) _914006 |
||
| 942 |
_2ddc _cLIBROS |
||
| 945 | _arjall | ||